| 000 | 01710nam a2200421Ii 4500 | ||
|---|---|---|---|
| 001 | DIGVEDIV0293 | ||
| 003 | NyNyDIG | ||
| 007 | cr ||||||||||| | ||
| 008 | 220321s2013 sp ob 001 0 spa d | ||
| 006 | m o d | ||
| 035 | _a(OCoLC)896859998 | ||
| 040 |
_aDGITA _beng _erda _epn _cDGITA |
||
| 020 |
_a9788499457659 _qeBook _qpdf |
||
| 020 | _z9788499451008 | ||
| 050 | 1 | 4 | _aBS1455 ebook |
| 100 | 1 |
_aRoitman, Adolfo Daniel, _eauthor. |
|
| 245 | 1 | 0 |
_aBiblia, exégesis y religión : _buna lectura crítico-histórica del judaísmo / _cAdolfo D. Roitman. |
| 264 | 1 |
_aEstella (Navarra), España : _bEVD, Editorial Verbo Divino, _c2013. |
|
| 300 | _a1 online resource. | ||
| 336 |
_atext _btxt _2rdacontent |
||
| 337 |
_acomputer _bc _2rdamedia |
||
| 338 |
_aonline resource _bcr _2rdacarrier |
||
| 347 |
_atext file _2rdaft |
||
| 347 | _bPDF | ||
| 504 | _aIncludes bibliographical references and index. | ||
| 588 | 0 | _aOnline resource; title from PDF title page (Digitalia, viewed March 21, 2022) | |
| 630 | 0 | 0 |
_aBible. _pOld Testament _xCriticism, interpretation, etc. |
| 630 | 0 | 0 |
_aBible. _pOld Testament _xHistory of Biblical events. |
| 650 | 0 |
_aJews _xHistory _y953-586 B.C. |
|
| 655 | 0 | _aElectronic books. | |
| 791 | 2 |
_aDigitalia (Firm), _edistributor. |
|
| 793 | 0 |
_gDigitalia eBook Collection: _aEditorial Verbo Divino |
|
| 776 | 0 | 8 |
_iPrint version: _aRoitman, Adolfo Daniel. _tBiblia, exégesis y religión. _dEstella (Navarra), España : EVD, Editorial Verbo Divino, 2013 _z9788499451008 |
| 830 | 0 | _aMundo de la Biblia (Editorial Verbo Divino) | |
| 856 | 4 | 0 |
_3Digitalia Hispánica _uhttps://www.digitaliapublishing.com/a/51011/ |
| 910 | _aPremium collection: 2022 | ||
| 942 | _cRAA | ||
| 999 |
_c252176 _d252176 |
||